<?xml version="1.0" encoding="UTF-8"?>
<record
    xmlns:xsi="http://www.w3.org/2001/XMLSchema-instance"
    xsi:schemaLocation="http://www.loc.gov/MARC21/slim http://www.loc.gov/standards/marcxml/schema/MARC21slim.xsd"
    xmlns="http://www.loc.gov/MARC21/slim">

  <leader>02334    a2200205   4500</leader>
  <controlfield tag="001">30089</controlfield>
  <controlfield tag="005">20260407155612.0</controlfield>
  <controlfield tag="008">260407a1969    arg                 spa d</controlfield>
  <controlfield tag="003">AR-UNSa-BCEJYS</controlfield>
  <datafield tag="040" ind1=" " ind2=" ">
    <subfield code="a">AR-UNSa-BCEJYS</subfield>
    <subfield code="b">spa</subfield>
    <subfield code="c">AR-UNSa-BCEJYS</subfield>
  </datafield>
  <datafield tag="080" ind1=" " ind2=" ">
    <subfield code="a">657.474.2</subfield>
    <subfield code="x">Relaciones entre la contabilidad comercial y la contabilidad de costes
</subfield>
  </datafield>
  <datafield tag="245" ind1="1" ind2="0">
    <subfield code="a">Contabilidad de costos para uso de la gerencia</subfield>
  </datafield>
  <datafield tag="264" ind1=" " ind2="1">
    <subfield code="a">M&#xE9;xico :</subfield>
    <subfield code="b">Diana</subfield>
    <subfield code="c">1969</subfield>
  </datafield>
  <datafield tag="300" ind1=" " ind2=" ">
    <subfield code="a">742 p.</subfield>
    <subfield code="c">23 cm.</subfield>
  </datafield>
  <datafield tag="505" ind1=" " ind2=" ">
    <subfield code="a">Parte I: La contabilidad de costos su desarrollo historico, fundamentos te&#xF3;ricos y su importancia para la gerencia - 1. La contabilidad de costos dentro de las funciones de la gerencia - 2. Conceptos de los costos y terminolog&#xED;a de los costos - 3. Componentes del costo y tendencias del costo - Parte II: Los registros para determinar los costos - 4. Los registros de los elementos del costo - 5. El sistema  de costos basado en &#xF3;rdenes de trabajo - 6. El sistema de costos por procesos - Parte III: La contabilidad de costos en etapas transitorias - 7. Costeo predeterminado de gastos generales de predeterminaci&#xF3;n - 8. Costeo st&#xE1;ndar - 9. Costeo directo - Parte IV: La contabilidad de costos con la finalidad de controlarlos - 10. Sistemas de contabilidad por &#xE1;reas de responsabilidad - 11. Patrones para medir rendimientos. An&#xE1;lisis de variaciones - 12. Informes de la gerencia - Parte V: La contabilidad de costos en el planeamiento de utilidades - 13. Planeamiento de utilidades - 14. Estudio anal&#xED;tico del grupo costo-volumen-utilidades - 15. Estudio de rendimientos de capital - Parte VI:Presupuestos relativos a inversiones de capital. Conceptos fundamentaci&#xF3;n - 17. Presupuestos de inversiones de capital: estudios superiores - 18. Gastos conexos y planeamiento a corto plazo - Parte VII: La contabilidad de costos para usos especializados - 19. Contabilidad de costos de ditribuci&#xF3;n - 20. Costeo de productos conjuntos - 21. Costeo de procesos. Temas avanzados - Parte VIII: La contabilidad de costos y las ciencias administrativas - 22. La contabilidad de costos y los sistemas de informaci&#xF3;n - 23. La contabilidad de costos y los an&#xE1;lisis cualitativos - 24. La contabilidad de costos para usos de gerencia </subfield>
  </datafield>
  <datafield tag="942" ind1=" " ind2=" ">
    <subfield code="c">BK</subfield>
  </datafield>
  <datafield tag="590" ind1=" " ind2=" ">
    <subfield code="a">niveau_biblio:m niveau_hierar:0</subfield>
  </datafield>
  <datafield tag="100" ind1="1" ind2=" ">
    <subfield code="a">Li, David H.</subfield>
  </datafield>
  <datafield tag="700" ind1="1" ind2=" ">
    <subfield code="a">Pardo, F.</subfield>
  </datafield>
  <datafield tag="999" ind1=" " ind2=" ">
    <subfield code="c">2015</subfield>
    <subfield code="d">2015</subfield>
  </datafield>
  <datafield tag="952" ind1=" " ind2=" ">
    <subfield code="0">0</subfield>
    <subfield code="1">0</subfield>
    <subfield code="4">0</subfield>
    <subfield code="7">0</subfield>
    <subfield code="a">BCEJYS</subfield>
    <subfield code="b">BCEJYS</subfield>
    <subfield code="c">16</subfield>
    <subfield code="d">2026-04-07</subfield>
    <subfield code="l">0</subfield>
    <subfield code="o">657.474.2 L693</subfield>
    <subfield code="p">L23545</subfield>
    <subfield code="r">2026-04-07 15:56:12</subfield>
    <subfield code="w">2026-04-07</subfield>
    <subfield code="y">L</subfield>
  </datafield>
  <datafield tag="952" ind1=" " ind2=" ">
    <subfield code="0">0</subfield>
    <subfield code="1">0</subfield>
    <subfield code="4">0</subfield>
    <subfield code="7">0</subfield>
    <subfield code="a">BCEJYS</subfield>
    <subfield code="b">BCEJYS</subfield>
    <subfield code="c">16</subfield>
    <subfield code="d">2026-04-07</subfield>
    <subfield code="l">0</subfield>
    <subfield code="o">657.474.2 L693</subfield>
    <subfield code="p">L23544</subfield>
    <subfield code="r">2026-04-07 15:56:12</subfield>
    <subfield code="w">2026-04-07</subfield>
    <subfield code="y">L</subfield>
  </datafield>
</record>
